Vplyv pandemie COVID-19 na výrobný podnik bakalárska práca

Salvato in:
Dettagli Bibliografici
Autore principale: Šestáková, Slávka
Ente Autore: Fakulta podnikového manažmentu EU. Katedra manažmentu
Altri autori: Novysedlák, Martin, 1991-
Natura: Libro
Lingua:slovacco
Pubblicazione: Bratislava 2024
Tags: Aggiungi Tag
Nessun Tag, puoi essere il primo ad aggiungerne!!

MARC

LEADER 00000nbm a2200000 4500
001 0301890
005 20250210094235.6
041 0 |a slo 
044 |a SK 
245 1 0 |a Vplyv pandemie COVID-19 na výrobný podnik  |b bakalárska práca  |c Slávka Šestáková ; školiteľ: Martin Novysedlák 
264 1 |a Bratislava  |c 2024 
300 |a 49 s. 
100 1 |a Šestáková, Slávka 
700 1 |a Novysedlák, Martin, 1991- 
710 2 |a Fakulta podnikového manažmentu EU. Katedra manažmentu